Gates of reconciliation : Literature and the ethical imagination

Guardat en:
Dades bibliogràfiques
Format: Llibre
Idioma:Undetermined
Publicat: Honolulu University of Hawaii Press 1998
Matèries:
Etiquetes: Afegir etiqueta
Sense etiquetes, Sigues el primer a etiquetar aquest registre!
Thư viện lưu trữ: Trung tâm Học liệu Trường Đại học Cần Thơ
LEADER 00602nam a2200181Ia 4500
001 CTU_171492
008 210402s9999 xx 000 0 und d
082 |a 818.8 
082 |b G259 
245 0 |a Gates of reconciliation : 
245 0 |b Literature and the ethical imagination 
245 0 |c Editor: Frank Stewarr; guest editor: Barry Lopez 
260 |a Honolulu 
260 |b University of Hawaii Press 
260 |c 1998 
650 |a American miscellaneous writing in English,Tạp văn Mỹ bằng tiếng Anh 
910 |a Nguyên 
980 |a Trung tâm Học liệu Trường Đại học Cần Thơ